[Event "4.liga A22 2019/2020"]
[Site "?"]
[Date "2019.10.27"]
[Round "2.1"]
[White "Skreko, Igor"]
[Black "Slamena, Michal"]
[Result "1/2-1/2"]
[WhiteElo "1793"]
[BlackElo "1982"]
[PlyCount "76"]
[EventDate "2019.10.13"]
[WhiteTeam "ŠK KOMPLET Trnava - Modranka juniori"]
[BlackTeam "ŠK Hlohovec B"]

1. c4 e5 2. Nc3 Nf6 3. g3 d5 4. cxd5 Nxd5 5. Bg2 Nb6 6. Nf3 Nc6 7. d3 Be7 8. a3
O-O 9. b4 Be6 10. Bb2 f5 11. Rc1 a6 12. O-O Bf6 13. Qc2 g5 14. Na4 Nxa4 15.
Qxa4 Bd5 16. Rc5 g4 17. Nxe5 Bxg2 18. Kxg2 Na7 19. Qb3+ Kg7 20. Rfc1 c6 21. Qe6
Qc7 22. R1c2 Rad8 23. Qa2 b6 24. Rxc6 Nxc6 25. Nxc6 Qb7 26. Kg1 Rc8 27. Bxf6+
Rxf6 28. Nd4 Rxc2 29. Qxc2 Kg6 30. Qc4 b5 31. Qg8+ Qg7 32. Qc8 Qf8 33. Qc2 Qd6
34. Nb3 Qc6 35. Nc5 h5 36. Qb3 Kg7 37. Qc3 Kh7 38. Qe5 Qd6 1/2-1/2

[Event "4.liga A22 2019/2020"]
[Site "?"]
[Date "2019.10.27"]
[Round "2.1"]
[White "Tupy, Bystrik"]
[Black "Ganz, Marek"]
[Result "1/2-1/2"]
[WhiteElo "1708"]
[BlackElo "1634"]
[PlyCount "41"]
[EventDate "2019.10.13"]
[WhiteTeam "ŠK Hlohovec B"]
[BlackTeam "ŠK KOMPLET Trnava - Modranka juniori"]

1. e4 d5 2. e5 Bf5 3. d4 e6 4. Nf3 c5 5. c3 a6 6. Bd3 Bg4 7. h3 Bh5 8. g4 Bg6
9. Be3 c4 10. Bxg6 hxg6 11. Nbd2 Be7 12. b3 b5 13. b4 Nd7 14. Ke2 Nb6 15. Nf1
Na4 16. Kd2 Nh6 17. Ng3 Nb2 18. Qe2 Kd7 19. Kc2 Na4 20. a3 Ra7 21. Qd2 1/2-1/2

[Event "4.liga A22 2019/2020"]
[Site "?"]
[Date "2019.10.27"]
[Round "2.1"]
[White "Libich, Oliver"]
[Black "Jancicka, Viliam"]
[Result "0-1"]
[WhiteElo "1279"]
[BlackElo "1587"]
[PlyCount "79"]
[EventDate "2019.10.13"]
[WhiteTeam "ŠK KOMPLET Trnava - Modranka juniori"]
[BlackTeam "ŠK Hlohovec B"]

1. d4 d5 2. c4 c6 3. Nf3 Nf6 4. Nc3 Nbd7 5. e3 e6 6. cxd5 exd5 7. Bd3 Bb4 8.
Bd2 Qe7 9. Qc2 h6 10. O-O O-O 11. a3 Bd6 12. Rac1 Re8 13. Rfe1 Nf8 14. h3 Bd7
15. b4 a6 16. Na4 Rab8 17. Nc5 Bc8 18. a4 N8d7 19. Qb3 Nxc5 20. bxc5 Bc7 21. a5
Ne4 22. Bb4 f5 23. Bxe4 fxe4 24. Nd2 Qg5 25. Kh1 Rf8 26. Rf1 Qh4 27. Kg1 Bxh3
28. f4 exf3 29. Nxf3 Qg3 30. Qb2 Rxf3 31. Rxf3 Qh2+ 32. Kf1 Qh1+ 33. Ke2 Qxg2+
34. Rf2 Bg4+ 35. Kd3 Qe4+ 36. Kd2 Re8 37. Qb3 Bg3 38. Rff1 Qg2+ 39. Kd3 Qe2+
40. Kc3 0-1

[Event "4.liga A22 2019/2020"]
[Site "?"]
[Date "2019.10.27"]
[Round "2.1"]
[White "Cebo, Vladimir"]
[Black "Skreko, Igor"]
[Result "0-1"]
[WhiteElo "1543"]
[BlackElo "1463"]
[PlyCount "152"]
[EventDate "2019.10.13"]
[WhiteTeam "ŠK Hlohovec B"]
[BlackTeam "ŠK KOMPLET Trnava - Modranka juniori"]

1. c4 c5 2. Nc3 Nc6 3. e3 Nf6 4. Nf3 e6 5. Be2 Be7 6. O-O O-O 7. d4 cxd4 8.
exd4 d5 9. Bf4 a6 10. c5 b6 11. cxb6 Qxb6 12. Na4 Qd8 13. Rc1 Bb7 14. Nc5 Bxc5
15. Rxc5 Rc8 16. Bg5 Qd7 17. Rc1 Ne4 18. Be3 Nd6 19. a3 Nf5 20. Bf4 Rfe8 21. g4
Nd6 22. Bd3 Ne4 23. h3 h6 24. Qe2 Nxd4 25. Nxd4 e5 26. Rxc8 Bxc8 27. Bxh6 exd4
28. Bf4 Ng3 29. Qc2 Nxf1 30. Kxf1 Qe6 31. Kg2 Bd7 32. Bh7+ Kh8 33. Bf5 Qc6 34.
Qd3 Bxf5 35. Qxf5 Qe6 36. Qh5+ Kg8 37. b4 Qe4+ 38. Kg3 d3 39. Qg5 d2 40. Bxd2
Qe5+ 41. Qxe5 $11 Rxe5 42. Bc3 Re2 43. a4 Ra2 44. Bd4 Rxa4 45. Bc5 f6 46. h4 g6
47. Kf3 Kf7 48. Ke3 Ke6 49. f4 Ra3+ 50. Ke2 Rh3 51. Bf2 Kd6 52. Kf1 Ke6 53. Kg2
Rb3 54. Bc5 d4 55. Bxd4 Rxb4 56. Be3 a5 57. Bc1 a4 58. f5+ gxf5 59. gxf5+ Kxf5
60. h5 Kg4 61. h6 Rb7 62. Kf2 Rh7 63. Ke2 Kh5 64. Kd3 Rxh6 65. Kc3 f5 66. Kb4
Ra6 67. Ba3 Kg4 68. Kc3 Kg3 69. Kd2 Kg2 70. Kc3 Kg3 71. Kd2 f4 72. Ke1 f3 73.
Bb2 a3 74. Be5+ Kg4 75. Kf2 a2 76. Ba1 Rb6 0-1

[Event "4.liga A22 2019/2020"]
[Site "?"]
[Date "2019.10.27"]
[Round "2.1"]
[White "Biskupic, Adam"]
[Black "Motycka, Juraj"]
[Result "0-1"]
[WhiteElo "1060"]
[BlackElo "1530"]
[PlyCount "112"]
[EventDate "2019.10.13"]
[WhiteTeam "ŠK KOMPLET Trnava - Modranka juniori"]
[BlackTeam "ŠK Hlohovec B"]

1. d4 Nf6 2. Bf4 g6 3. e3 Bg7 4. c3 O-O 5. Nd2 d5 6. Ngf3 Bg4 7. h3 Be6 8. Bd3
Nbd7 9. Qc2 c5 10. b3 Rc8 11. Rc1 c4 12. bxc4 dxc4 13. Be4 Nxe4 14. Qxe4 b6 15.
O-O Bf5 16. Qb7 Bd3 17. Rfd1 a5 18. Re1 Re8 19. e4 e5 20. Bg5 Qc7 21. Qxc7 Rxc7
22. dxe5 Nxe5 23. Nxe5 Bxe5 24. Nf3 Bg7 25. Bf4 Rce7 26. Nd2 f5 27. f3 b5 28.
Kf2 Bf6 29. Bd6 Re6 30. Bc7 a4 31. Ba5 Bg5 32. Red1 fxe4 33. fxe4 Bxe4 34. g3
Bd3 35. Bc7 Re2+ 36. Kf3 Bxd2 37. Rxd2 Rxd2 38. Bf4 Rxa2 39. Kg4 Rc2 40. Rb1
Bf5+ 41. Kh4 Bd7 42. Bh6 Rxc3 43. Rb2 Re4+ 44. g4 Rf3 45. Rd2 Rd3 46. Rf2 Bf5
47. Rb2 Rb3 48. Rd2 Kf7 49. Rd6 Ke7 50. Ra6 Bd7 51. Bg5+ Kf7 52. Rf6+ Kg7 53.
Rd6 Rd3 54. Ra6 b4 55. Bf6+ Kf7 56. Kg5 Re6 0-1

[Event "4.liga A22 2019/2020"]
[Site "?"]
[Date "2019.10.27"]
[Round "2.2"]
[White "Kincel, Frantisek"]
[Black "Malar, Pavol"]
[Result "0-1"]
[WhiteElo "1821"]
[BlackElo "2075"]
[PlyCount "61"]
[EventDate "2019.10.13"]
[WhiteTeam "ŠK Šúrovce"]
[BlackTeam "ŠK Hlohovec A"]

1. b3 e5 2. Bb2 d6 3. e3 Nf6 4. d4 e4 5. d5 Bf5 6. c4 c5 7. Ne2 Na6 8. a3 Be7
9. Ng3 Bg6 10. Nc3 O-O 11. Qc2 Qa5 12. O-O-O Rae8 13. Ngxe4 Nxe4 14. Nxe4 f5
15. Nc3 f4 16. e4 f3 17. g3 Nc7 18. Bd3 Bg5+ 19. Kb1 Bf6 20. Rhe1 Bd4 21. Rd2
a6 22. Nd1 b5 23. b4 Qb6 24. Bxd4 cxd4 25. c5 dxc5 26. Qxc5 Qxc5 27. bxc5 Nxd5
28. Bc2 Nc3+ 29. Nxc3 dxc3 30. Bb3+ Kh8 31. Rd5 0-1

[Event "4.liga A22 2019/2020"]
[Site "?"]
[Date "2019.10.27"]
[Round "2.2"]
[White "Bisco, Igor"]
[Black "Sipkovsky, Ladislav"]
[Result "1-0"]
[WhiteElo "1985"]
[BlackElo "1767"]
[PlyCount "51"]
[EventDate "2019.10.13"]
[WhiteTeam "ŠK Hlohovec A"]
[BlackTeam "ŠK Šúrovce"]

1. e4 e5 2. Nf3 Nc6 3. Bb5 d6 4. c3 Bd7 5. O-O Nf6 6. Re1 Be7 7. h3 O-O 8. d4
exd4 9. cxd4 a6 10. Ba4 h6 11. Nbd2 b5 12. Bb3 Na5 13. Bc2 c5 14. Nf1 c4 15.
Ng3 Rc8 16. Bd2 Nc6 17. d5 Ne5 18. Nd4 Nh7 19. Ndf5 Bxf5 20. Nxf5 Ng6 21. Qg4
Nf6 22. Qg3 Kh7 23. Bb4 Ne8 24. e5 Rg8 25. Nxe7 Qxe7 26. exd6 1-0

[Event "4.liga A22 2019/2020"]
[Site "?"]
[Date "2019.10.27"]
[Round "2.2"]
[White "Cmarada, Juraj"]
[Black "Gajarsky, Roman"]
[Result "1-0"]
[WhiteElo "1787"]
[BlackElo "1800"]
[PlyCount "57"]
[EventDate "2019.10.13"]
[WhiteTeam "ŠK Šúrovce"]
[BlackTeam "ŠK Hlohovec A"]

1. e4 c5 2. Nf3 Nc6 3. d4 cxd4 4. Nxd4 g6 5. Nc3 Bg7 6. Nb3 d6 7. Be3 Be6 8.
Qd2 Nf6 9. f3 a6 10. O-O-O b5 11. Nd5 O-O 12. g4 Ne5 13. Be2 Nc4 14. Nxf6+ Bxf6
15. Bxc4 Bxc4 16. Bh6 Re8 17. Kb1 a5 18. Be3 b4 19. Bd4 e5 20. Be3 Ra6 21. h4
Qc7 22. Nc1 Rc6 23. h5 Rb8 24. Qh2 a4 25. Qd2 Qe7 26. b3 axb3 27. cxb3 Ba6 28.
hxg6 fxg6 29. Qd5+ 1-0

[Event "4.liga A22 2019/2020"]
[Site "?"]
[Date "2019.10.27"]
[Round "2.2"]
[White "Janas, Peter"]
[Black "Foltinovic, Tomas"]
[Result "1-0"]
[WhiteElo "1733"]
[BlackElo "1700"]
[PlyCount "87"]
[EventDate "2019.10.13"]
[WhiteTeam "ŠK Hlohovec A"]
[BlackTeam "ŠK Šúrovce"]

1. Nc3 d5 2. e4 c6 3. d4 dxe4 4. Nxe4 Bf5 5. Ng3 Bg6 6. Nf3 e6 7. Ne5 Nd7 8.
Bd3 Ngf6 9. O-O Bd6 10. f4 Bxd3 11. Qxd3 O-O 12. Bd2 Qc7 13. Rae1 Rad8 14. Qe2
Qb6 15. c3 Qxb2 16. Nc4 Qxa2 17. Nxd6 Qd5 18. Nde4 b5 19. Nxf6+ Nxf6 20. Ne4
Nxe4 21. Qxe4 a5 22. Qb1 f6 23. Rf3 g6 24. Rfe3 Rfe8 25. g4 Kf7 26. h4 Qc4 27.
h5 f5 28. hxg6+ hxg6 29. g5 Qd5 30. Rh3 Rh8 31. Ree3 Qd6 32. Ref3 Kg7 33. Qa2
a4 34. c4 Rxh3 35. Rxh3 Qxd4+ 36. Be3 Qd1+ 37. Kh2 Qb3 38. Qa1+ Kf7 39. Qf6+
Ke8 40. Qxe6+ Kf8 41. Bc5+ Kg7 42. Qe7+ Kg8 43. Qxd8+ Kg7 44. Qf6+ 1-0

[Event "4.liga A22 2019/2020"]
[Site "?"]
[Date "2019.10.27"]
[Round "2.2"]
[White "Karel, Branislav"]
[Black "Mikus, Andrej"]
[Result "1/2-1/2"]
[WhiteElo "1425"]
[BlackElo "1334"]
[PlyCount "56"]
[EventDate "2019.10.13"]
[WhiteTeam "ŠK Šúrovce"]
[BlackTeam "ŠK Hlohovec A"]

1. e4 e5 2. Nf3 Nc6 3. Bb5 d6 4. c3 Nf6 5. d3 Bd7 6. O-O a6 7. Ba4 b5 8. Bc2
Bg4 9. Re1 Be7 10. Nbd2 O-O 11. Nf1 d5 12. exd5 Qxd5 13. Ne3 Bxf3 14. Nxd5 Bxd1
15. Nxe7+ Nxe7 16. Rxd1 Rfe8 17. Re1 Nc6 18. Bg5 Nd7 19. f3 h6 20. Bh4 g5 21.
Bf2 Kg7 22. g4 Rad8 23. Rad1 f6 24. d4 exd4 25. cxd4 Rxe1+ 26. Rxe1 Nf8 27. Re4
Ng6 28. Bb1 Nf4 1/2-1/2

[Event "4.liga A22 2019/2020"]
[Site "?"]
[Date "2019.10.27"]
[Round "2.3"]
[White "Meszaros, Nikolas"]
[Black "Polak, Peter"]
[Result "1-0"]
[WhiteElo "1808"]
[BlackElo "1831"]
[PlyCount "39"]
[EventDate "2019.10.13"]

1. e4 c5 2. Nf3 e6 3. c4 Qc7 4. d4 cxd4 5. Nxd4 a6 6. Nc3 Nf6 7. f4 d6 8. Be2
Be7 9. Be3 Nc6 10. O-O Bd7 11. Nb3 Nd8 12. Rc1 Bc6 13. Bf3 b6 14. Nd5 Bxd5 15.
cxd5 Qb7 16. dxe6 fxe6 17. e5 Nd5 18. f5 O-O 19. fxe6 Rxf3 20. Qxf3 1-0

[Event "4.liga A22 2019/2020"]
[Site "?"]
[Date "2019.10.27"]
[Round "2.3"]
[White "Vagovsky, Jozef"]
[Black "Kosar, Mikulas"]
[Result "0-1"]
[WhiteElo "1783"]
[BlackElo "1860"]
[PlyCount "62"]
[EventDate "2019.10.13"]

1. d4 d5 2. c4 Nf6 3. Nc3 e6 4. Nf3 c6 5. cxd5 exd5 6. Bg5 Be7 7. e3 h6 8. Bh4
Bg4 9. Bd3 Nbd7 10. Rb1 O-O 11. h3 Bh5 12. Be2 Ne4 13. Bxe7 Qxe7 14. Nd2 Bxe2
15. Qxe2 f5 16. O-O Rf7 17. Qd3 Raf8 18. Ne2 g5 19. g3 Nxd2 20. Qxd2 Nf6 21. b4
Ne4 22. Qd3 a6 23. a4 Nd6 24. Kg2 Kg7 25. Nc3 f4 26. exf4 gxf4 27. g4 f3+ 28.
Kh2 Qh4 29. Rbe1 Rf4 30. Re5 Rxg4 31. Re7+ Qxe7 0-1

[Event "4.liga A22 2019/2020"]
[Site "?"]
[Date "2019.10.27"]
[Round "2.3"]
[White "Kovarikova, Maria"]
[Black "Brestovansky, Anton"]
[Result "1-0"]
[WhiteElo "1781"]
[BlackElo "1689"]
[PlyCount "61"]
[EventDate "2019.10.13"]

1. e4 c5 2. Nc3 Nc6 3. g3 Nf6 4. Bg2 d6 5. d3 Bg4 6. f3 Bh5 7. Be3 e6 8. Qd2
Be7 9. O-O-O a6 10. h4 Bg6 11. Nge2 h6 12. Nf4 b6 13. Bh3 Bh7 14. g4 b5 15.
Nce2 e5 16. Ng2 Nd4 17. Rdf1 a5 18. Ng3 Nd7 19. g5 Rg8 20. Nf5 Nxf5 21. exf5 h5
22. f4 Rh8 23. Qe2 Bg8 24. Ne1 f6 25. Rhg1 fxg5 26. fxg5 Bxa2 27. Qf3 Bf8 28.
f6 g6 29. f7+ Ke7 30. Bxd7 Kxd7 31. Qb7+ 1-0

[Event "4.liga A22 2019/2020"]
[Site "?"]
[Date "2019.10.27"]
[Round "2.3"]
[White "Petras, Stefan"]
[Black "Bott, Tamas"]
[Result "1/2-1/2"]
[WhiteElo "1689"]
[BlackElo "1657"]
[PlyCount "84"]
[EventDate "2019.10.13"]

1. e4 e5 2. Nf3 Nc6 3. Bc4 Be7 4. O-O d6 5. d4 exd4 6. Nxd4 Nxd4 7. Qxd4 Bf6 8.
Qd5 Qe7 9. Bb5+ Kd8 10. Bc4 Nh6 11. Nc3 c6 12. Qd3 Ng4 13. Bf4 Be5 14. Qg3 Qf6
15. Bxe5 Nxe5 16. Be2 h5 17. h4 Kc7 18. f4 Ng6 19. e5 Qxh4 20. exd6+ Kxd6 21.
Ne4+ Kc7 22. f5+ Qxg3 23. Nxg3 h4 24. fxg6 hxg3 25. Rxf7+ Kb6 26. Rxg7 Be6 27.
Rh7 Rhf8 28. Bf3 Bf5 29. Rf7 Rxf7 30. gxf7 Bg6 31. Rf1 Rf8 32. Bd1 Kc5 33. Rf3
Rxf7 34. Rxg3 Rd7 35. Be2 Rd2 36. Rc3+ Kd6 37. Kf2 Rxc2 38. Rxc2 Bxc2 39. Ke3
Ke5 40. Bg4 c5 41. Be2 a6 42. g4 b5 1/2-1/2

[Event "4.liga A22 2019/2020"]
[Site "?"]
[Date "2019.10.27"]
[Round "2.3"]
[White "Sandor, Stefan"]
[Black "Bohunicky, Pavol"]
[Result "1/2-1/2"]
[WhiteElo "1548"]
[BlackElo "1624"]
[PlyCount "81"]
[EventDate "2019.10.13"]

1. e4 d6 2. Nf3 g6 3. d4 Bg7 4. Be2 Nf6 5. Nc3 O-O 6. O-O Nbd7 7. Bf4 b6 8. Qd2
Bb7 9. e5 dxe5 10. Nxe5 Nxe5 11. Bxe5 c5 12. Rad1 cxd4 13. Qxd4 Qc8 14. Qf4 Qe6
15. Bc4 Qc6 16. Nd5 Nxd5 17. Bxd5 Bxe5 18. Qxe5 Qc8 19. Bxb7 Qxb7 20. Qd5 Qc7
21. c3 Rad8 22. Qf3 Rd6 23. Rxd6 exd6 24. Re1 Qd7 25. Qe4 Rd8 26. Qe7 h5 27. f4
a6 28. h3 b5 29. Qxd7 Rxd7 30. Kf2 Kf8 31. Kf3 Re7 32. Rxe7 Kxe7 33. g4 hxg4+
34. hxg4 d5 35. Ke3 Kd6 36. Kd4 f6 37. a3 a5 38. b3 g5 39. fxg5 fxg5 40. b4 a4
41. Kd3 1/2-1/2

[Event "4.liga A22 2019/2020"]
[Site "?"]
[Date "2019.10.27"]
[Round "2.5"]
[White "Bugar, Peter"]
[Black "Kosticky, Simon"]
[Result "1-0"]
[WhiteElo "1974"]
[BlackElo "1719"]
[PlyCount "93"]
[EventDate "2019.10.13"]
[WhiteTeam "ŠK Dunajská Streda C"]
[BlackTeam "ŠK Lokomotíva Trnava C"]

1. c4 c5 2. Nc3 g6 3. Nf3 Bg7 4. g3 Nc6 5. Bg2 d6 6. O-O Nf6 7. d4 cxd4 8. Nxd4
Bd7 9. b3 O-O 10. Bb2 a6 11. Rc1 Rc8 12. Qd2 Re8 13. Rfd1 Qa5 14. a3 Qh5 15.
Na4 Bg4 16. Nb6 Rc7 17. Re1 Bh3 18. Bh1 Qc5 19. Nd5 Rcc8 20. Nxc6 bxc6 21. Bd4
Qxa3 22. Nb6 a5 23. Nxc8 Rxc8 24. Qd3 Qb4 25. Ra1 Nd7 26. Bxg7 Kxg7 27. Reb1
Bf5 28. e4 Be6 29. Ra4 Qb6 30. Qc3+ Ne5 31. Rxa5 Bxc4 32. Rxe5 dxe5 33. Qxc4
Rd8 34. Qc3 f6 35. Bg2 Rd4 36. Rc1 h5 37. h4 g5 38. hxg5 fxg5 39. Qxc6 Qxb3 40.
Qc7 Qe6 41. Qc6 Qf7 42. Qb5 Qf6 43. Qe8 Rd2 44. Kh1 h4 45. Rc6 Rd1+ 46. Kh2
hxg3+ 47. fxg3 1-0

[Event "4.liga A22 2019/2020"]
[Site "?"]
[Date "2019.10.27"]
[Round "2.5"]
[White "Fajnor, Dusan"]
[Black "Matis, Tibor"]
[Result "0-1"]
[WhiteElo "1645"]
[BlackElo "1875"]
[PlyCount "54"]
[EventDate "2019.10.13"]
[WhiteTeam "ŠK Lokomotíva Trnava C"]
[BlackTeam "ŠK Dunajská Streda C"]

1. d4 Nf6 2. c4 c5 3. Nf3 e6 4. Bg5 cxd4 5. Qxd4 Be7 6. Nc3 Nc6 7. Qd2 O-O 8.
e3 a6 9. Bd3 Nb4 10. a3 Nxd3+ 11. Qxd3 Qc7 12. O-O d6 13. Rac1 b6 14. Rfd1 Rd8
15. Bxf6 Bxf6 16. Ne4 Be7 17. Nc3 Bb7 18. Qe2 Rac8 19. b3 Qc5 20. Nb1 Qh5 21.
e4 Bg5 22. Rc3 Bf4 23. Qe1 d5 24. Rcd3 Re8 25. cxd5 exd5 26. Rxd5 Bxd5 27. Rxd5
Qxd5 0-1

[Event "4.liga A22 2019/2020"]
[Site "?"]
[Date "2019.10.27"]
[Round "2.5"]
[White "Mezes, Kristof"]
[Black "Nemcovic, Peter"]
[Result "1-0"]
[WhiteElo "1603"]
[BlackElo "1635"]
[PlyCount "69"]
[EventDate "2019.10.13"]
[WhiteTeam "ŠK Dunajská Streda C"]
[BlackTeam "ŠK Lokomotíva Trnava C"]

1. d4 Nf6 2. c4 e5 3. dxe5 Ng4 4. Nf3 Nc6 5. Bf4 Bb4+ 6. Nbd2 Qe7 7. e3 Ngxe5
8. Be2 d6 9. h3 Bf5 10. O-O O-O 11. Nb3 Rad8 12. a3 Bc5 13. Nbd4 Bxd4 14. Nxd4
Be4 15. f3 Nxd4 16. exd4 Ng6 17. fxe4 Qxe4 18. Bg3 Qe3+ 19. Bf2 Qg5 20. Bf3 Nf4
21. Kh2 Rde8 22. Re1 h5 23. g3 Ng6 24. Rxe8 Rxe8 25. Bxh5 Qf5 26. Qf3 Qc2 27.
Bxg6 fxg6 28. Rf1 Rf8 29. Qe3 Qxc4 30. Kg1 Rf6 31. Rc1 Qf7 32. Re1 Kh7 33. Re2
c6 34. Qe7 Rxf2 35. Qh4+ 1-0

[Event "4.liga A22 2019/2020"]
[Site "?"]
[Date "2019.10.27"]
[Round "2.5"]
[White "Milec, Marek"]
[Black "Kiss, Balazs"]
[Result "1-0"]
[WhiteElo "1544"]
[BlackElo "1409"]
[PlyCount "75"]
[EventDate "2019.10.13"]
[WhiteTeam "ŠK Lokomotíva Trnava C"]
[BlackTeam "ŠK Dunajská Streda C"]

1. e4 c5 2. Nf3 Nc6 3. d4 cxd4 4. Nxd4 e5 5. Nxc6 bxc6 6. Bc4 Be7 7. O-O Nf6 8.
Nc3 Bb7 9. f4 exf4 10. e5 Nd5 11. Bxf4 Nxf4 12. Bxf7+ Kxf7 13. Rxf4+ Ke8 14.
Qh5+ g6 15. Qh6 Bf8 16. Qh3 Ba6 17. Rd1 Qe7 18. e6 Qxe6 19. Re4 Bc5+ 20. Kh1
Rd8 21. Rxe6+ dxe6 22. Qxe6+ Be7 23. Qxc6+ Kf7 24. Rxd8 Bxd8 25. Qxa6 Re8 26.
Qf1+ Kg7 27. Nd5 Bg5 28. Qd1 Kh6 29. c4 Bd8 30. b4 a5 31. b5 a4 32. b6 Bg5 33.
g3 Re4 34. h4 Be3 35. Nxe3 Rxe3 36. Qd2 Kh5 37. Qxe3 Kg4 38. b7 1-0

[Event "4.liga A22 2019/2020"]
[Site "?"]
[Date "2019.10.27"]
[Round "2.5"]
[White "Vida, Gergo"]
[Black "Brezovsky, Ferdinand"]
[Result "1/2-1/2"]
[WhiteElo "1015"]
[BlackElo "1000"]
[PlyCount "71"]
[EventDate "2019.10.13"]
[WhiteTeam "ŠK Dunajská Streda C"]
[BlackTeam "ŠK Lokomotíva Trnava C"]

1. Nf3 Nc6 2. c4 Nf6 3. g3 d5 4. cxd5 Nxd5 5. Bg2 e6 6. Nc3 Bc5 7. a3 Bd4 8.
Nxd4 Nxd4 9. e3 Nf5 10. Ne2 Nf6 11. O-O O-O 12. b4 c6 13. Bb2 Ng4 14. h3 Ngh6
15. Qc2 Bd7 16. Qc3 f6 17. d3 e5 18. Rfd1 Qe7 19. Rac1 Qf7 20. e4 Ne7 21. d4
Rad8 22. Qc2 Be6 23. Qd3 f5 24. Qf3 fxe4 25. Qxf7+ Rxf7 26. Bxe4 Bxh3 27. dxe5
Rdf8 28. f4 Bg4 29. Kf2 Bf5 30. Bf3 Ng4+ 31. Bxg4 Bxg4 32. Rd2 g5 33. Rc4 Be6
34. Rcd4 g4 35. Rd8 Bd5 36. Rxf8+ 1/2-1/2

[Event "4.liga A22 2019/2020"]
[Site "?"]
[Date "2019.10.27"]
[Round "2.6"]
[White "Bango, Dominik"]
[Black "Vegh, Vince"]
[Result "1-0"]
[WhiteElo "1887"]
[BlackElo "1932"]
[PlyCount "95"]
[EventDate "2019.10.13"]
[WhiteTeam "ŠK KOMPLET Trnava - Modranka B"]
[BlackTeam "MŠK Corvin Veľký Meder"]

1. e4 c5 2. Nf3 Nc6 3. d4 cxd4 4. Nxd4 e5 5. Nf3 Nf6 6. Nc3 d6 7. Bc4 Be7 8.
O-O h6 9. h3 O-O 10. Be3 a6 11. a3 Be6 12. Bb3 Bxb3 13. cxb3 b5 14. b4 Qd7 15.
Re1 Rfd8 16. Nd5 Nxd5 17. exd5 Nb8 18. Nd2 f5 19. Nb3 Rf8 20. f3 Bd8 21. Na5
Qe8 22. Rc1 Bxa5 23. bxa5 Nd7 24. b4 Nf6 25. Rc6 Qb8 26. Qd3 e4 27. Qd4 exf3
28. gxf3 Re8 29. Bf2 Rxe1+ 30. Bxe1 Qe8 31. Bh4 Qg6+ 32. Kf2 Nd7 33. Bg3 f4 34.
Bxf4 Rf8 35. Bxd6 Rf6 36. Rc8+ Kh7 37. Bg3 Qf5 38. Rc3 Qxh3 39. Qd3+ Rf5 40.
Rc6 Nf6 41. Rxf6 gxf6 42. d6 Kg7 43. d7 Rg5 44. Qd6 Kg6 45. d8=Q Kh5 46. Qe8+
Rg6 47. Qf4 f5 48. Qh4+ 1-0

[Event "4.liga A22 2019/2020"]
[Site "?"]
[Date "2019.10.27"]
[Round "2.6"]
[White "Szabo, Julius"]
[Black "Lopatievov, Alexander"]
[Result "0-1"]
[WhiteElo "1675"]
[BlackElo "1846"]
[PlyCount "122"]
[EventDate "2019.10.13"]
[WhiteTeam "MŠK Corvin Veľký Meder"]
[BlackTeam "ŠK KOMPLET Trnava - Modranka B"]

1. e4 c6 2. c3 d5 3. Qf3 e5 4. d4 exd4 5. cxd4 dxe4 6. Qxe4+ Be6 7. Bc4 Nf6 8.
Qe3 Nd5 9. Bxd5 Qxd5 10. Nf3 Be7 11. O-O h6 12. Nc3 Qh5 13. Ne4 Nd7 14. b3 Nb6
15. Ng3 Qb5 16. Qe2 Qa5 17. Bd2 Qa3 18. Bc1 Qd6 19. Ne4 Qd5 20. Nc3 Qh5 21. Ne5
Qf5 22. Qd3 Qxd3 23. Nxd3 O-O-O 24. Be3 Bf6 25. Ne2 Bf5 26. Ne5 Rhf8 27. Rac1
Nd5 28. Ng3 Be6 29. Nh5 Bxe5 30. dxe5 Nxe3 31. fxe3 Rd2 32. Rf2 Rd5 33. Nxg7
Rxe5 34. Nxe6 Rxe6 35. Rf3 Kc7 36. Kf2 Re5 37. Rc4 Kd7 38. Rcf4 Ke7 39. Rf6 Rc5
40. Kg3 Rc2 41. Rf2 Rg8+ 42. Kh3 Rxf2 43. Rxf2 Rg5 44. g3 Re5 45. Rf3 Ke6 46.
Kg2 c5 47. h4 b5 48. g4 f6 49. Kf2 h5 50. Rg3 a5 51. gxh5 Rxh5 52. Rh3 Ke5 53.
Kf3 c4 54. bxc4 bxc4 55. Kg4 Rh6 56. h5 Ke4 57. Rf3 c3 58. a4 c2 59. Rf1 Kxe3
60. Rh1 Kd2 61. Rh2+ Kc3 0-1

[Event "4.liga A22 2019/2020"]
[Site "?"]
[Date "2019.10.27"]
[Round "2.6"]
[White "Kramar, Matus"]
[Black "Sebok, Kristian"]
[Result "1-0"]
[WhiteElo "1646"]
[BlackElo "1439"]
[PlyCount "77"]
[EventDate "2019.10.13"]
[WhiteTeam "ŠK KOMPLET Trnava - Modranka B"]
[BlackTeam "MŠK Corvin Veľký Meder"]

1. f4 d5 2. d4 e6 3. Nf3 Nc6 4. e3 g6 5. Bd3 Be7 6. O-O Nf6 7. c3 a5 8. Ne5
Nxe5 9. fxe5 Nh5 10. Nd2 b6 11. Nf3 Bb7 12. Bd2 Qd7 13. a4 Ng7 14. Be1 Nf5 15.
Qe2 Bc6 16. b3 Qd8 17. g4 Nh4 18. Nxh4 Bxh4 19. Bxh4 Qxh4 20. Rf6 Ke7 21. Raf1
Raf8 22. Qf3 Be8 23. Qg2 Rhg8 24. g5 h6 25. gxh6 Qxh6 26. R1f4 Qh5 27. Be2 Qh7
28. Qg5 Kd7 29. Bg4 Qg7 30. c4 c6 31. e4 dxc4 32. bxc4 Kc7 33. d5 cxd5 34. exd5
exd5 35. cxd5 Rh8 36. Rc4+ Kb7 37. Rxb6+ Kxb6 38. Qd8+ Ka6 39. Bc8+ 1-0

[Event "4.liga A22 2019/2020"]
[Site "?"]
[Date "2019.10.27"]
[Round "2.6"]
[White "Pszota, Mate"]
[Black "Kozinka, Jan"]
[Result "0-1"]
[WhiteElo "1530"]
[BlackElo "1623"]
[PlyCount "98"]
[EventDate "2019.10.13"]
[WhiteTeam "MŠK Corvin Veľký Meder"]
[BlackTeam "ŠK KOMPLET Trnava - Modranka B"]

1. e4 e6 2. g3 Nf6 3. Nc3 Nc6 4. f4 d5 5. e5 Nd7 6. Nf3 d4 7. Ne2 Nb6 8. d3 Be7
9. Bg2 h5 10. h4 Bb4+ 11. Bd2 Bc5 12. Ng5 Bd7 13. Ne4 Be7 14. Bf3 f5 15. Ng5
Bxg5 16. hxg5 g6 17. c3 dxc3 18. Bxc3 Qe7 19. Qb3 O-O-O 20. O-O-O Kb8 21. d4
Be8 22. d5 exd5 23. Bxd5 Nxd5 24. Rxd5 Bf7 25. Rxd8+ Rxd8 26. Qa4 Qc5 27. Kb1
Bc4 28. Rd1 Bxe2 29. Rxd8+ Nxd8 30. Qd7 Qf8 31. Bb4 Qg8 32. b3 Bf3 33. Kb2 Bc6
34. Qe7 Qe8 35. Qf6 Ne6 36. Be7 Bd7 37. Kc3 Bc8 38. Kb4 b6 39. a4 a5+ 40. Ka3
Qc6 41. Qxg6 Qc1+ 42. Ka2 Qc2+ 43. Ka3 Nd4 44. Qg8 Qc3 45. Ka2 Qd2+ 46. Kb1
Qc2+ 47. Ka1 Nxb3+ 48. Qxb3 Qxb3 49. g6 Be6 0-1

[Event "4.liga A22 2019/2020"]
[Site "?"]
[Date "2019.10.27"]
[Round "2.6"]
[White "Rusnacik, Milan"]
[Black "Kiss, Marton Dezso"]
[Result "0-1"]
[WhiteElo "1363"]
[BlackElo "1000"]
[PlyCount "70"]
[EventDate "2019.10.13"]
[WhiteTeam "ŠK KOMPLET Trnava - Modranka B"]
[BlackTeam "MŠK Corvin Veľký Meder"]

1. c4 e5 2. Nc3 Nf6 3. d3 d5 4. cxd5 Nxd5 5. Qc2 Nc6 6. a3 g6 7. Nf3 Bg4 8. g3
Bxf3 9. exf3 Bg7 10. Bg2 O-O 11. O-O Re8 12. Ne4 Nd4 13. Qd1 Rb8 14. Rb1 b6 15.
Re1 c5 16. Bd2 Nf6 17. Bg5 h6 18. Bd2 Nxe4 19. fxe4 Qd7 20. a4 Rbd8 21. b3 Nc6
22. Bf1 f5 23. Qc1 Nd4 24. Kg2 f4 25. f3 fxg3 26. hxg3 Qf7 27. Qd1 Rf8 28. Re3
h5 29. Be1 Bh6 30. f4 exf4 31. gxf4 Qxf4 32. Bg3 Qxe3 33. Kh2 Rf3 34. Qe1 Rxg3
35. Qxg3 Bf4 0-1

[Event "4.liga A22 2019/2020"]
[Site "?"]
[Date "2019.10.27"]
[Round "2.4"]
[White "Kalmar, Tamas"]
[Black "Sturdik, Igor"]
[Result "1/2-1/2"]
[WhiteElo "2069"]
[BlackElo "1971"]
[PlyCount "55"]
[EventDate "2019.10.13"]
[WhiteTeam "DSC Potôňska veža C"]
[BlackTeam "ŠK Obecný úrad Špačince"]

1. d4 Nf6 2. Nf3 c5 3. c3 e6 4. Bf4 d5 5. e3 Bd6 6. Bxd6 Qxd6 7. Nbd2 O-O 8.
Bd3 Nc6 9. O-O e5 10. dxe5 Nxe5 11. Nxe5 Qxe5 12. Nf3 Qe7 13. h3 b6 14. Re1 Bb7
15. Qe2 Rad8 16. Rad1 h6 17. Qc2 Bc6 18. Be2 Qb7 19. Ne5 Rfe8 20. Nxc6 Qxc6 21.
Bf3 Qc7 22. Rd2 Rd6 23. Red1 Red8 24. Qf5 g6 25. Qf4 g5 26. Qe5 Qd7 27. Qg3 Qf5
28. Bg4 1/2-1/2